| 000 | 00938nam a22003017a 4500 | ||
|---|---|---|---|
| 003 | CHAP | ||
| 005 | 20220329135015.0 | ||
| 008 | 971013s1975 r 00010 d | ||
| 010 | _a29430 | ||
| 011 | _a30402 | ||
| 035 | _a34514 | ||
| 040 | _cCHAP | ||
| 082 |
_a574.5 _bO38t |
||
| 100 | 0 | 0 |
_aKroodsma, Roger. _963968 |
| 245 | _aTeaching-learning guiede for Odum's fundamentals of ecology | ||
| 260 |
_aPhiladelphia, Pa. : _bSaunders, _c1975 |
||
| 300 | _a167 p. | ||
| 590 |
_aBATCH-UPD _b10 _c20130110 _lUCH01 _h1803 |
||
| 590 |
_aBATCH-UPD _b10 _c20130410 _lUCH01 _h1139 |
||
| 590 |
_aBATCH-UPD _b10 _c20130914 _lUCH01 _h1227 |
||
| 590 |
_aCONVERSION _b10 _c20130109 _lUCH01 _h1317 |
||
| 650 | 1 | 4 |
_aEcología. _935134 |
| 650 | 1 | 4 |
_aEcología _xEstudio y enseñanza. _935142 |
| 700 | 0 |
_aOdum, Eugene Pleasants. _982738 |
|
| 901 | _aBK | ||
| 942 | _cLIBRO | ||
| 949 |
_a574.5 O38t _bBC _cLIBRO _d33724000470043 _eLIBRO _h40848 _i34514 _si _t113.00 |
||
| 999 |
_c29430 _d29430 |
||